000 00533nam a22001817a 4500
003 NUST - PNEC
005 20170116180824.0
008 150625b xxu||||| |||| 00| 0 eng d
040 _cLIBRARY
082 _a515.9 CHU
100 _94222
_aChurchill, Ruel V.
245 _aComplex variables and applications.
_cRuel V. Churchill
250 _a2nd ed.
260 _aNew Delhi
_bMcgraw-Hill International Book Company
_cc1960.
300 _a296 p. :
_c20 cm.
650 _94223
_aFunctions of complex variables
_xME
942 _2ddc
_cBK
999 _c63828
_d63828